Сидя в огне: преобразование больших групп через конфликт и разнообразие (Запись № 12211134)
[ простой вид ]
| 000 -МАРКЕР | |
|---|---|
| контрольное поле | 02035nam0a2200397 4500 |
| 001 - ИДЕНТИФИКАТОР ЗАПИСИ | |
| контрольное поле | RU\NLR\BIBL_A\011872152 |
| 005 - ИДЕНТИФИКАТОР ВЕРСИИ | |
| контрольное поле | 20220804111602.0 |
| 010 ## - МЕЖДУНАРОДНЫЙ СТАНДАРТНЫЙ НОМЕР КНИГИ (ISBN) | |
| Номер (ISBN) | 978-5-907059-39-9 |
| Тираж | 1000 |
| 021 ## - НОМЕР ГОСУДАРСТВЕННОЙ РЕГИСТРАЦИИ | |
| Код страны | российская федерация |
| Номер | КН-П-18-6090 |
| Номер Листа государственной регистраци | КН-П-18-084164 |
| 035 ## - ДРУГИЕ СИСТЕМНЫЕ НОМЕРА | |
| Идентификатор записи | (NLR Aleph) 011872152 |
| 035 ## - ДРУГИЕ СИСТЕМНЫЕ НОМЕРА | |
| Идентификатор записи | (RuMoRGB)009798612 |
| 100 ## - ДАННЫЕ ОБЩЕЙ ОБРАБОТКИ | |
| Данные общей обработки | 20181128d2019 u y0rusy50 ca |
| 101 1# - ЯЗЫК РЕСУРСА | |
| Язык текста, звукозаписи и т.д. | русский |
| Язык оригинала | английский |
| 102 ## - СТРАНА ПУБЛИКАЦИИ ИЛИ ПРОИЗВОДСТВА | |
| Страна публикации | российская федерация |
| 105 ## - ПОЛЕ КОДИРОВАННЫХ ДАННЫХ: ТЕКСТОВЫЕ МАТЕРИАЛЫ, МОНОГРАФИЧЕСКИЕ | |
| Кодированные данные о монографическом текстовом документе | y|||z|||000zy |
| 200 1# - ЗАГЛАВИЕ И СВЕДЕНИЯ ОБ ОТВЕТСТВЕННОСТИ | |
| Основное заглавие | Сидя в огне: преобразование больших групп через конфликт и разнообразие |
| Первые сведения об ответственности | Арнольд Минделл |
| Последующие сведения об ответственности | перевод с английского Марка Драчинского |
| -- | научная редакция к. филос. н. Владимира Майкова |
| 210 ## - ПУБЛИКАЦИЯ, РАСПРОСТРАНЕНИЕ И ДР. | |
| Место издания, распространения и т.д. | Москва |
| Имя издателя, распространителя и т. д. | Ганга |
| Дата издания, распространения и т.д. | 2019 [т.е. 2018] |
| 215 ## - ФИЗИЧЕСКАЯ ХАРАКТЕРИСТИКА | |
| Специфическое обозначение материала и объем | 402, [1] с. |
| Размеры | 21 |
| 225 1# - СЕРИЯ | |
| Основное заглавие серии | Трансперсональная психология |
| 300 ## - ОБЩИЕ ПРИМЕЧАНИЯ | |
| Текст примечания | Пер. изд.: Sitting in the fire: Large Group Transormation through Diversity and Conflict/ Arnold Mindell. Portland, Oregona, 1995 |
| 300 ## - ОБЩИЕ ПРИМЕЧАНИЯ | |
| Текст примечания | На 4-й с. обл. авт.: Арнольд Минделл - психотерапевт |
| 300 ## - ОБЩИЕ ПРИМЕЧАНИЯ | |
| Текст примечания | Фактическая дата выхода в свет - 2018 |
| 320 ## - ПРИМЕЧАНИЯ О НАЛИЧИИ В ДОКУМЕНТЕ БИБЛИОГРАФИИ / УКАЗАТЕЛЯ | |
| Текст примечания | Библиогр.: с. 391-403 |
| 333 ## - ПРИМЕЧАНИЯ ОБ ОСОБЕННОСТЯХ РАСПРОСТРАНЕНИЯ И ИСПОЛЬЗОВАНИЯ | |
| Текст примечания | 16+ |
| 454 #0 - ОРИГИНАЛ (ПЕРЕВОДА) | |
| Встроенное поле | 2001#$aSitting in the fire: Large Group Transormation through Diversity and Conflict$fArnold Mindell |
| -- | 210##$aPortland, Oregona$d1995 |
| -- | 700#1$aMindell$bA.$f1940-$gArnold |
| 606 1# - НАИМЕНОВАНИЕ ТЕМЫ КАК ПРЕДМЕТ | |
| Наименование темы | Коллектив |
| Тематический подзаголовок | Социально-психологический климат |
| Код системы | nlr_sh1 |
| -- | nlr_sh2 |
| Идентификатор авторитетной/нормативной записи | RU\NLR\AUTH\66558231 |
| 606 1# - НАИМЕНОВАНИЕ ТЕМЫ КАК ПРЕДМЕТ | |
| Наименование темы | Конфликты социальные |
| Код системы | nlr_sh1 |
| -- | nlr_sh2 |
| Идентификатор авторитетной/нормативной записи | RU\NLR\AUTH\661269835 |
| 686 1# - ИНДЕКСЫ ДРУГИХ КЛАССИФИКАЦИЙ | |
| Индекс | С550.443 |
| 686 1# - ИНДЕКСЫ ДРУГИХ КЛАССИФИКАЦИЙ | |
| Индекс | С550.73 |
| 700 #1 - ИМЯ ЛИЦА - ПЕРВИЧНАЯ ОТВЕТСТВЕННОСТЬ | |
| Начальный элемент ввода | Минделл |
| Часть имени, кроме начального элемента ввода | А. |
| Даты | 1940- |
| Расширение инициалов личного имени | Арнольд |
| 942 ## - ДОПОЛНИТЕЛЬНЫЕ ЭЛЕМЕНТЫ ЗАПИСИ (АБИС) | |
| Тип экземпляра АБИС | Книга |
| 980 ## - КОЛЛЕКЦИЯ | |
| Название коллекции | НБР |
| 980 ## - КОЛЛЕКЦИЯ | |
| Название коллекции | Национальная библиография |
Нет доступных экземпляров.